Financial Reporting Standard for Smaller Entities (Record no. 104897)

MARC details
000 -LEADER
fixed length control field 00784cam a2200193 4500
001 - CONTROL NUMBER
control field ##L131901
008 - FIXED-LENGTH DATA ELEMENTS--GENERAL INFORMATION
fixed length control field 051214n2005 000 0 eng u
020 ## - INTERNATIONAL STANDARD BOOK NUMBER
International Standard Book Number 18414067750
035 ## - SYSTEM CONTROL NUMBER
System control number (Sirsi) u131901
041 0# - LANGUAGE CODE
Language code of text/sound track or separate title eng
110 2# - MAIN ENTRY--CORPORATE NAME
Corporate name or jurisdiction name as entry element Accounting Standards Board
9 (RLIN) 3454
245 00 - TITLE STATEMENT
Title Financial Reporting Standard for Smaller Entities
-- (effective January 2005)
260 ## - PUBLICATION, DISTRIBUTION, ETC.
Place of publication, distribution, etc. London
Name of publisher, distributor, etc. ASB
Date of publication, distribution, etc. 2005
300 ## - PHYSICAL DESCRIPTION
Extent 267p.
Dimensions 21cm.
490 #0 - SERIES STATEMENT
Series statement ASB Financial Reporting Standard
520 ## - SUMMARY, ETC.
Summary, etc. The Financial Reporting Standard for Smaller Entities (FRSSE) supersedes the FRSSE (effective June 2002) and should be regarded as the standard for financial statements relating to accounting periods beginning on or after 1 January 2005.
690 ## - LOCAL SUBJECT ADDED ENTRY--TOPICAL TERM (OCLC, RLIN)
Topical term or geographic name as entry element MANAGEMENT-BUSINESS MANAGEMENT
942 ## - ADDED ENTRY ELEMENTS (KOHA)
Suppress in OPAC 0
Holdings
Withdrawn status Lost status Source of classification or shelving scheme Damaged status Not for loan Home library Current library Shelving location Date acquired Total Checkouts Full call number Barcode Date last seen Copy number Price effective from Koha item type
    Dewey Decimal Classification     London London Boxed set 14/12/2005   BOXED SET 30070708 06/08/2019 1 06/08/2019 Reference material